000
00318nam a2200133Ia 4500
005
20251222155210.0
008
251222s9999||||xx |||||||||||||| ||spa||
082
_a
MAN.75
100
_a
MORA Guillermo
245
0
_a
Valores Humanos y Actitudes Positivas
250
_a
1ra. ed.
264
_b
McGraw Hill
942
_c
LIB
999
_c
40276
_d
40276